Statistics for Lana Del Rey - Margaret Lyrics

Click here to take the quiz!

General Stats

  • This quiz has been taken 57 times
    (55 since last reset)
  • The average score is 322 of 370

Answer Stats

Answer% Correct
a
97%
I
97%
"I
97%
is
97%
know?"
97%
know
97%
So
97%
song
97%
This
97%
this
97%
when
97%
When
97%
you
97%
You
97%
your
97%
baby,
94%
Baby
94%
'Cause
94%
for
94%
if
94%
If
94%
In
94%
in
94%
It
94%
it
94%
love
94%
me
94%
on
94%
the
94%
The
94%
trouble
94%
trouble"
94%
and
92%
And
92%
good
92%
he
92%
He
92%
Margaret
92%
met
92%
Run
92%
run
92%
Runnin'
92%
simple
92%
That
92%
that
92%
write
92%
you're
92%
be
89%
do
89%
down
89%
friend
89%
kinda
89%
Like
89%
like
89%
makes
89%
"No"
89%
path
89%
rooftop
89%
as
86%
gold
86%
gonna
86%
laugh
86%
might
86%
or
86%
out
86%
was
86%
white
86%
double?"
83%
had
83%
I'm
83%
My
83%
my
83%
now
83%
of
83%
old
83%
she
83%
"Should
83%
wearin'
83%
with
83%
With
83%
building
81%
inside
81%
off
81%
shirt
81%
18
78%
December
78%
"How
78%
jump
78%
life
78%
messy
78%
party
78%
pen
78%
that's
78%
to
78%
flashes
75%
friends
75%
head
75%
answer
72%
By
72%
fire
72%
Maybe
72%
Their
72%
their
72%
way
72%
all
69%
askin'
69%
bring
69%
diamond
69%
Diamond
69%
eyes
69%
sing
69%
table
69%
you'll
69%
yourself
69%
black
67%
blue
67%
don't
67%
one
67%
red
67%
ring
67%
Hollywood
64%
let's
64%
lies
64%
soul
64%
tomorrow
64%
away
61%
day
61%
flags
61%
head's
61%
key
61%
minor
61%
never
61%
what
61%
gotta
58%
mean
58%
new
58%
Then
58%
Word
58%
(Alright
56%
give
56%
up
56%
waltz
56%
join
53%
knights
50%
kids)
36%

Score Distribution

Percentile by Number Answered

Percent of People with Each Score

Your Score History

You have not taken this quiz since the last reset